Vista normal Vista MARC

Entrada Topical Term

Número de registros utilizados en: 1

001 - CONTROL NUMBER

  • control field: 36656

003 - CONTROL NUMBER IDENTIFIER

  • control field: OSt

005 - DATE AND TIME OF LATEST TRANSACTION

  • control field: 20210407074120.0

008 - FIXED-LENGTH DATA ELEMENTS

  • fixed length control field: 210407|| aca||aabn | a|a d

040 ## - CATALOGING SOURCE

  • Original cataloging agency: OSt
  • Transcribing agency: OSt

150 ## - HEADING--TOPICAL TERM

  • Topical term or geographic name entry element: Administración municipal
  • Geographic subdivision: Bogotá(Colombia)

670 ## - SOURCE DATA FOUND

  • Source citation: Work cat.: (OSt): Fainbom, Israel, editor 36655, Servicio civil y mecanismos de control / , 2000